[Event "BEL-chT 2122"]
[Site "Belgium"]
[Date "2021.10.24"]
[Round "1.2"]
[White "Alienkin, Aleksander"]
[Black "Becker, Marcel"]
[Result "1/2-1/2"]
[WhiteElo "2356"]
[BlackElo "2357"]
[PlyCount "96"]
[EventDate "2021.10.24"]
[EventType "team-tourn"]
[EventRounds "11"]
[EventCountry "BEL"]
[SourceTitle "EXT 2023"]
[Source "ChessBase"]
[SourceDate "2022.10.05"]
[SourceVersion "1"]
[SourceVersionDate "2022.10.05"]
[SourceQuality "1"]
[WhiteTeam "Tal"]
[BlackTeam "KSK47 Eynatten"]
[WhiteTeamCountry "BEL"]
[BlackTeamCountry "BEL"]

1. e4 c6 2. d3 d5 3. Nd2 e5 4. Ngf3 Bd6 5. g3 Nf6 6. Bg2 0-0 7. 0-0 Re8 8. h3 Na6 9. Re1 dxe4 10. dxe4 Bf8 11. b3 Qc7 12. Bb2 Nd7 13. a4 Nac5 14. b4 Ne6 15. c3 a5 16. Qb3 b6 17. Nc4 Kh8 18. Red1 f6 19. Rac1 Qb8 20. Ba3 axb4 21. cxb4 c5 22. bxc5 Nexc5 23. Bxc5 Nxc5 24. Qxb6 Nxa4 25. Qxb8 Rxb8 26. Nd6 Bxd6 27. Rxd6 Bb7 28. Nh4 Rbc8 29. Rb1 Rc7 30. Nf5 Nc3 31. Rb4 g6 32. Ne3 Kg7 33. Rdb6 Ba8 34. Ra6 Rec8 35. h4 h5 36. Kh2 Ne2 37. Rbb6 Rf8 38. Rb2 Nd4 39. Rba2 Bc6 40. R2a5 Rff7 41. Rc5 Bb5 42. Rxc7 Rxc7 43. Rxf6 Rc1 44. Rb6 Be2 45. Rb7+ Kf8 46. Rb8+ Kg7 47. Rb7+ Kf8 48. Rb6 Kg7 1/2-1/2

[Event "GER Cup Net Final-A U2400"]
[Site "Playchess.com INT"]
[Date "2020.06.06"]
[Round "6"]
[White "Braun, Georg"]
[Black "Becker, Marcel"]
[Result "1-0"]
[WhiteElo "2133"]
[BlackElo "2054"]
[PlyCount "43"]
[EventDate "2020.06.06"]
[EventType "swiss (blitz)"]
[EventRounds "13"]
[EventCountry "GER"]
[SourceTitle "CBM 197 Extra"]
[Source "ChessBase"]
[SourceDate "2020.09.30"]
[SourceVersion "1"]
[SourceVersionDate "2020.09.30"]
[SourceQuality "1"]

1. e4 c6 2. Nc3 d5 3. Nf3 Bg4 4. h3 Bxf3 5. Qxf3 e6 6. d3 Nf6 7. a3 Nbd7 8. g4 g6 9. Bg2 Bg7 10. 0-0 0-0 11. Qg3 Ne8 12. Rb1 Qb6 13. Bd2 d4 14. Ne2 e5 15. f4 exf4 16. Bxf4 Qa5 17. h4 Rc8 18. g5 Nc7 19. Bh3 Ne6 20. Bd6 Rfe8 21. Qf2 Ne5 22. b4 1-0

[Event "GER Cup Net V4 U2400"]
[Site "Playchess.com INT"]
[Date "2020.05.31"]
[Round "7"]
[White "Becker, Marcel"]
[Black "Colbow, Collin"]
[Result "1/2-1/2"]
[WhiteElo "2014"]
[BlackElo "2022"]
[PlyCount "136"]
[EventDate "2020.05.31"]
[EventType "swiss (blitz)"]
[EventRounds "9"]
[EventCountry "GER"]
[SourceTitle "EXT 2021"]
[Source "ChessBase"]
[SourceDate "2020.10.23"]
[SourceVersion "1"]
[SourceVersionDate "2020.10.23"]
[SourceQuality "1"]

1. d4 Nf6 2. c4 e6 3. Nf3 Bb4+ 4. Nbd2 0-0 5. a3 Bxd2+ 6. Bxd2 b6 7. Bg5 Bb7 8. e3 d5 9. cxd5 exd5 10. Bd3 Nbd7 11. 0-0 h6 12. Bh4 Re8 13. b4 Qe7 14. Qc2 Rac8 15. Bf5 g5 16. Bg3 Ne4 17. Ne5 Nef6 18. Nc6 Bxc6 19. Qxc6 Nb8 20. Qb7 Rcd8 21. Qxc7 Ne4 22. Qxe7 Rxe7 23. Rfc1 Nxg3 24. hxg3 Na6 25. Rc6 Nc7 26. Rac1 Nb5 27. a4 Nd6 28. Bd3 Kf8 29. a5 bxa5 30. bxa5 Red7 31. a6 Ke7 32. R1c5 Ke6 33. g4 Ke7 34. Rxd5 Rb8 35. Re5+ Kd8 36. Bf5 Nxf5 37. Rxf5 Rb6 38. Rff6 Rxc6 39. Rxc6 Rd5 40. Rxh6 Ke7 41. Kf1 Ra5 42. Ke2 Ra2+ 43. Kf3 Kd7 44. e4 Ra3+ 45. Ke2 Ra2+ 46. Ke3 Ra3+ 47. Kd2 Ra2+ 48. Kd3 Rxf2 49. e5 Rxg2 50. Rf6 Ke7 51. Ke4 Rxg4+ 52. Kd5 Rg2 53. Kc6 Rb2 54. Kc7 g4 55. d5 Rc2+ 56. Kb7 g3 57. d6+ Ke8 58. Rf4 g2 59. Rg4 Kd7 60. Kxa7 Ke6 61. Kb7 f5 62. exf6 Kxd6 63. a7 Rb2+ 64. Kc8 Rc2+ 65. Kd8 Ra2 66. Rxg2 Rxa7 67. Rd2+ Ke6 68. f7 Kxf7 1/2-1/2

[Event "GER Cup Net V3 U2400"]
[Site "Playchess.com INT"]
[Date "2020.05.27"]
[Round "1"]
[White "Becker, Marcel"]
[Black "Braun, Georg"]
[Result "1/2-1/2"]
[WhiteElo "1996"]
[BlackElo "2202"]
[PlyCount "158"]
[EventDate "2020.05.27"]
[EventType "swiss (blitz)"]
[EventRounds "9"]
[EventCountry "GER"]
[SourceTitle "EXT 2021"]
[Source "ChessBase"]
[SourceDate "2020.10.23"]
[SourceVersion "1"]
[SourceVersionDate "2020.10.23"]
[SourceQuality "1"]

1. d4 Nf6 2. c4 c5 3. d5 b5 4. Qc2 bxc4 5. e4 d6 6. Bxc4 g6 7. f4 Bg7 8. Nf3 0-0 9. 0-0 Nfd7 10. Nc3 Nb6 11. Be2 Ba6 12. a4 Bxe2 13. Qxe2 Qc8 14. a5 N6d7 15. e5 Qa6 16. Qe4 Qb7 17. e6 Nf6 18. exf7+ Rxf7 19. Qe6 Qd7 20. Ng5 Qxe6 21. Nxe6 Na6 22. Bd2 Nb4 23. Ng5 Rff8 24. Rae1 Nfxd5 25. Ne6 Rf7 26. g4 Bxc3 27. bxc3 Nd3 28. Re4 Nf6 29. Re3 Nb2 30. h3 Nc4 31. Re2 Rb8 32. Ng5 Rff8 33. Be1 Nd5 34. Ne6 Rf7 35. f5 Rb2 36. Re4 Nd2 37. Bxd2 Rxd2 38. Ng5 Rf6 39. c4 gxf5 40. Rxf5 Rxf5 41. gxf5 Nf6 42. Rxe7 d5 43. cxd5 Rxd5 44. Rxa7 Rxf5 45. h4 h6 46. Ne6 c4 47. a6 Ra5 48. Rg7+ Kh8 49. a7 c3 50. Rc7 c2 51. Rxc2 Rxa7 52. Nf4 Ra4 53. Rc8+ Kg7 54. Rc7+ Kg8 55. Rc8+ Kf7 56. Rc7+ Ke8 57. Ne6 Rxh4 58. Ng7+ Kd8 59. Ne6+ Ke8 60. Ng7+ Kf8 61. Ne6+ Kg8 62. Rg7+ Kh8 63. Rf7 Nd5 64. Rd7 Ne3 65. Nf8 Kg8 66. Ne6 Re4 67. Nd4 Ng4 68. Nf3 Nf6 69. Rd8+ Kf7 70. Rd4 Re8 71. Kf2 Kg6 72. Rd1 Ne4+ 73. Kg2 h5 74. Ra1 Re6 75. Ra5 Nf6 76. Nh4+ Kf7 77. Nf3 Rb6 78. Ne5+ Ke6 79. Nf3 Rb2+ 1/2-1/2

[Event "GER Cup Net V3 U2400"]
[Site "Playchess.com INT"]
[Date "2020.05.27"]
[Round "6"]
[White "Becker, Marcel"]
[Black "Vatter, Hans Joachim"]
[Result "0-1"]
[WhiteElo "1995"]
[BlackElo "2201"]
[PlyCount "70"]
[EventDate "2020.05.27"]
[EventType "swiss (blitz)"]
[EventRounds "9"]
[EventCountry "GER"]
[SourceTitle "EXT 2021"]
[Source "ChessBase"]
[SourceDate "2020.10.23"]
[SourceVersion "1"]
[SourceVersionDate "2020.10.23"]
[SourceQuality "1"]

1. d4 c5 2. d5 e5 3. c4 d6 4. Nc3 Be7 5. e4 Bg5 6. Bxg5 Qxg5 7. Nf3 Qd8 8. Be2 Ne7 9. Nd2 0-0 10. 0-0 Ng6 11. Bg4 Nd7 12. g3 Nf6 13. Bxc8 Qxc8 14. Kg2 a6 15. h3 Rb8 16. a4 b6 17. Re1 Rb7 18. Nf1 h6 19. Ne3 Nh7 20. h4 Ne7 21. Qd3 f5 22. exf5 Nxf5 23. Nxf5 Rxf5 24. Ne4 Rbf7 25. Re2 Qd7 26. a5 Rf3 27. Qd2 bxa5 28. Rxa5 Qg4 29. Nxd6 R7f6 30. Rxa6 Nf8 31. Rc6 Ng6 32. Re4 Nxh4+ 33. Kg1 Rxg3+ 34. fxg3 Qxg3+ 35. Kh1 Rf1# 0-1

[Event "GER Cup Net V2 U2400"]
[Site "Playchess.com INT"]
[Date "2020.05.22"]
[Round "5"]
[White "Schulz, Michael4444"]
[Black "Becker, Marcel"]
[Result "1/2-1/2"]
[WhiteElo "1962"]
[BlackElo "2029"]
[PlyCount "83"]
[EventDate "2020.05.22"]
[EventType "swiss (blitz)"]
[EventRounds "9"]
[EventCountry "GER"]
[SourceTitle "EXT 2021"]
[Source "ChessBase"]
[SourceDate "2020.10.23"]
[SourceVersion "1"]
[SourceVersionDate "2020.10.23"]
[SourceQuality "1"]

1. d4 d5 2. Bg5 c6 3. Nd2 Bf5 4. e3 Qb6 5. Bd3 Bxd3 6. cxd3 Nd7 7. Ngf3 h6 8. Bh4 e6 9. 0-0 g6 10. Ne5 Nxe5 11. dxe5 Be7 12. Bg3 h5 13. h4 Nh6 14. e4 0-0 15. Bf4 Kg7 16. Bxh6+ Kxh6 17. Nf3 dxe4 18. dxe4 Rad8 19. Qe2 Kg7 20. Rfd1 Rxd1+ 21. Rxd1 Rd8 22. Rxd8 Qxd8 23. g3 b5 24. Kg2 a6 25. Qc2 c5 26. a4 Qc7 27. axb5 axb5 28. Qd3 c4 29. Qe3 b4 30. Qf4 c3 31. bxc3 bxc3 32. Ne1 Ba3 33. Qf6+ Kg8 34. Nc2 Bc1 35. Nd4 Bh6 36. Nxe6 fxe6 37. Qxg6+ Bg7 38. Qxe6+ Kh7 39. Qf5+ Kg8 40. Qe6+ Kf8 41. Qf5+ Kg8 42. Qe6+ 1/2-1/2

[Event "GER-ch Net blitz qual5"]
[Site "Playchess.com INT"]
[Date "2020.03.28"]
[Round "11"]
[White "Becker, Marcel"]
[Black "Engel, Luis"]
[Result "1-0"]
[WhiteElo "2363"]
[BlackElo "2536"]
[PlyCount "71"]
[EventDate "2020.03.28"]
[EventType "swiss (blitz)"]
[EventRounds "13"]
[EventCountry "GER"]
[SourceTitle "CBM 195 Extra"]
[Source "ChessBase"]
[SourceDate "2020.05.31"]
[SourceVersion "1"]
[SourceVersionDate "2020.05.31"]
[SourceQuality "1"]

1. d4 Nf6 2. c4 e6 3. Nf3 d5 4. Nc3 Bb4 5. cxd5 exd5 6. Bg5 0-0 7. e3 Bf5 8. Qb3 Bxc3+ 9. Qxc3 h6 10. Bxf6 Qxf6 11. Be2 c6 12. 0-0 Nd7 13. b4 a6 14. a4 Bg4 15. Rfc1 Qd6 16. b5 axb5 17. axb5 Rxa1 18. Rxa1 cxb5 19. Rb1 Nf6 20. Qb2 Ne4 21. h3 Bxf3 22. Bxf3 Ng5 23. Be2 f5 24. Qxb5 f4 25. Qc5 Nxh3+ 26. Kh2 Qxc5 27. dxc5 Nxf2 28. Rxb7 fxe3 29. c6 Ne4 30. c7 Nd6 31. Rb8 Kf7 32. Bg4 d4 33. Rd8 Ke7 34. Rd7+ Kf6 35. Rxd6+ Ke5 36. Rd8 1-0

[Event "GER-ch Net blitz qual5"]
[Site "Playchess.com INT"]
[Date "2020.03.28"]
[Round "3"]
[White "Becker, Marcel"]
[Black "Langrock, Hannes"]
[Result "1-0"]
[WhiteElo "2363"]
[BlackElo "2346"]
[PlyCount "119"]
[EventDate "2020.03.28"]
[EventType "swiss (blitz)"]
[EventRounds "13"]
[EventCountry "GER"]
[SourceTitle "CBM 195 Extra"]
[Source "ChessBase"]
[SourceDate "2020.05.31"]
[SourceVersion "1"]
[SourceVersionDate "2020.05.31"]
[SourceQuality "1"]

1. d4 f5 2. c4 Nf6 3. Nc3 d6 4. Bg5 Nbd7 5. Qc2 g6 6. h4 h6 7. Bd2 e6 8. Nh3 Bg7 9. 0-0-0 0-0 10. e3 Qe8 11. Nb5 Qd8 12. Nf4 Kf7 13. c5 a6 14. Nc3 d5 15. h5 g5 16. Ng6 Re8 17. Be2 Nf8 18. Ne5+ Kg8 19. g4 Ne4 20. Rdf1 Nxc5 21. gxf5 exf5 22. Nxd5 Ne4 23. Nxc7 Be6 24. Nxa8 Qxa8 25. Kb1 Rc8 26. Qd1 b5 27. Nd3 Qd5 28. Nb4 Qd6 29. Bd3 a5 30. Bxe4 fxe4 31. Nc2 Qd5 32. b3 b4 33. Na1 Nd7 34. Qe2 Rb8 35. Rc1 a4 36. Qc4 Qf5 37. Qc7 axb3 38. Nxb3 Ra8 39. Rc2 Nf6 40. Rhc1 Nd5 41. Qb7 Rf8 42. Bxb4 Rf7 43. Qb8+ Kh7 44. Rd2 Rd7 45. Qb5 Rd8 46. Nc5 Bg8 47. Qa4 Rb8 48. a3 Qf7 49. Nxe4 Qe6 50. Nc5 Qg4 51. Ka1 Nf6 52. d5 Qe4 53. Bc3 Kh8 54. Qxe4 Nxe4 55. Nxe4 Bh7 56. Bxg7+ Kxg7 57. f3 Bg8 58. d6 Kf7 59. d7 Rd8 60. Rc8 1-0

[Event "GER-ch Net blitz qual5"]
[Site "Playchess.com INT"]
[Date "2020.03.28"]
[Round "5"]
[White "Becker, Marcel"]
[Black "Legde, Georg"]
[Result "1/2-1/2"]
[WhiteElo "2363"]
[BlackElo "2333"]
[PlyCount "96"]
[EventDate "2020.03.28"]
[EventType "swiss (blitz)"]
[EventRounds "13"]
[EventCountry "GER"]
[SourceTitle "CBM 195 Extra"]
[Source "ChessBase"]
[SourceDate "2020.05.31"]
[SourceVersion "1"]
[SourceVersionDate "2020.05.31"]
[SourceQuality "1"]

1. d4 d5 2. c4 dxc4 3. Nf3 c6 4. e3 Be6 5. Nc3 Nf6 6. Ng5 Qc8 7. a4 g6 8. Nxe6 Qxe6 9. Qe2 Na6 10. Qxc4 Qxc4 11. Bxc4 Nb4 12. 0-0 Bg7 13. a5 0-0 14. Bd2 Rfd8 15. Ra4 Nbd5 16. Nxd5 cxd5 17. Bd3 Rac8 18. Bb4 e6 19. Bc5 Nd7 20. Bxa7 Ra8 21. Bc5 b6 22. Bb4 Rdb8 23. Bc3 bxa5 24. Rfa1 Bf8 25. g3 Rb7 26. Rxa5 Rxa5 27. Rxa5 Bb4 28. Rb5 Rxb5 29. Bxb5 Bxc3 30. bxc3 Nb6 31. Kf1 Kf8 32. Ke2 Ke7 33. Kd3 Kd6 34. c4 dxc4+ 35. Bxc4 Na4 36. Bb5 Nb6 37. e4 f6 38. f4 e5 39. Be8 Nc8 40. h4 Ne7 41. Bf7 Nc6 42. dxe5+ fxe5 43. h5 gxh5 44. Bxh5 Nd4 45. g4 Ne6 46. f5 Ng5 47. Ke3 h6 48. Bg6 Ke7 1/2-1/2

[Event "GER-ch Net blitz qual5"]
[Site "Playchess.com INT"]
[Date "2020.03.28"]
[Round "10"]
[White "Seel, Christian"]
[Black "Becker, Marcel"]
[Result "1-0"]
[WhiteElo "2475"]
[BlackElo "2363"]
[PlyCount "59"]
[EventDate "2020.03.28"]
[EventType "swiss (blitz)"]
[EventRounds "13"]
[EventCountry "GER"]
[SourceTitle "CBM 195 Extra"]
[Source "ChessBase"]
[SourceDate "2020.05.31"]
[SourceVersion "1"]
[SourceVersionDate "2020.05.31"]
[SourceQuality "1"]

1. Nf3 d5 2. b3 Bg4 3. Ne5 Bf5 4. Bb2 Nd7 5. d3 e6 6. g4 Bg6 7. Nxg6 hxg6 8. Bg2 Qh4 9. e3 Ngf6 10. h3 Bc5 11. Qe2 0-0-0 12. Nd2 Ne8 13. a3 f5 14. b4 Bd6 15. c4 c6 16. b5 Qe7 17. bxc6 bxc6 18. cxd5 exd5 19. Rc1 Kb7 20. d4 Nb6 21. Nb3 Bxa3 22. Na5+ Ka8 23. Nxc6 Qd6 24. Nxd8 Bb4+ 25. Kf1 Qxd8 26. Qb5 Be7 27. Qc6+ Kb8 28. Qxg6 fxg4 29. hxg4 Rxh1+ 30. Bxh1 1-0

[Event "GER-ch Net blitz qual5"]
[Site "Playchess.com INT"]
[Date "2020.03.28"]
[Round "4"]
[White "Svane, Frederik"]
[Black "Becker, Marcel"]
[Result "1/2-1/2"]
[WhiteElo "2423"]
[BlackElo "2363"]
[PlyCount "123"]
[EventDate "2020.03.28"]
[EventType "swiss (blitz)"]
[EventRounds "13"]
[EventCountry "GER"]
[SourceTitle "CBM 195 Extra"]
[Source "ChessBase"]
[SourceDate "2020.05.31"]
[SourceVersion "1"]
[SourceVersionDate "2020.05.31"]
[SourceQuality "1"]

1. e4 c6 2. Nf3 d5 3. Nc3 Bg4 4. h3 Bxf3 5. Qxf3 e6 6. g3 g6 7. Bg2 Bg7 8. d3 Nd7 9. 0-0 Ngf6 10. Bg5 0-0 11. Rae1 Qb6 12. Bc1 dxe4 13. dxe4 e5 14. Qe2 Rfe8 15. Kh2 Qa5 16. Rd1 Nc5 17. Qc4 Ne6 18. b4 Qc7 19. Be3 b5 20. Qb3 a5 21. a3 Nd4 22. Qb2 Rad8 23. Rd3 h5 24. Rfd1 h4 25. Bg5 hxg3+ 26. fxg3 axb4 27. axb4 Ne6 28. Be3 Rxd3 29. Rxd3 Rd8 30. Ne2 Rxd3 31. cxd3 Nd7 32. Bf3 Qd6 33. Qc3 Bf8 34. Bg4 Nd4 35. Nxd4 exd4 36. Qxd4 Ne5 37. Qxd6 Bxd6 38. Be2 Bxb4 39. Kg2 c5 40. Bf4 Nc6 41. Kf2 Nd4 42. Bd1 Bc3 43. Bd6 Ne6 44. Bb3 Bd4+ 45. Ke2 Kg7 46. h4 Kf6 47. Bf4 Be5 48. Ke3 Nd4 49. Bd5 Bxf4+ 50. gxf4 b4 51. e5+ Ke7 52. Bc4 b3 53. Kd2 b2 54. Ba2 f6 55. Kc3 Ne2+ 56. Kxb2 Nxf4 57. exf6+ Kxf6 58. Kc3 g5 59. hxg5+ Kxg5 60. Kc4 Nxd3 61. Kxd3 c4+ 62. Kxc4 1/2-1/2

[Event "GER-ch Net blitz qual4"]
[Site "Playchess.com INT"]
[Date "2020.03.23"]
[Round "2"]
[White "Becker, Marcel"]
[Black "Isele, Thomas"]
[Result "1/2-1/2"]
[WhiteElo "2363"]
[BlackElo "2040"]
[PlyCount "81"]
[EventDate "2020.03.23"]
[EventType "swiss (blitz)"]
[EventRounds "9"]
[EventCountry "GER"]
[SourceTitle "CBM 195 Extra"]
[Source "ChessBase"]
[SourceDate "2020.05.31"]
[SourceVersion "1"]
[SourceVersionDate "2020.05.31"]
[SourceQuality "1"]

1. d4 d5 2. c4 c6 3. Nf3 Nf6 4. Nc3 e6 5. e3 Ne4 6. Bd3 f5 7. Ne5 g6 8. 0-0 Bg7 9. f4 Nd7 10. Qb3 Nxe5 11. fxe5 0-0 12. cxd5 Nxc3 13. dxc6 bxc6 14. bxc3 Qc7 15. Bc4 Re8 16. Ba3 Rb8 17. Qa4 Bd7 18. Bc5 Rb7 19. Rab1 Reb8 20. Rb3 Bf8 21. Qa3 Bh6 22. Rfb1 Rxb3 23. Rxb3 Rxb3 24. Qxb3 Bxe3+ 25. Kh1 Kf7 26. Qa4 Qb7 27. Qb3 Qxb3 28. axb3 Bd2 29. Bb4 Bc8 30. Kg1 Bh6 31. Kf2 Bf8 32. Bxf8 Kxf8 33. b4 g5 34. Ke3 Ke7 35. Bd3 h6 36. Kd2 Kd8 37. Kc2 Kc7 38. Kb3 Kb6 39. c4 Bd7 40. c5+ Kb7 41. Kc3 1/2-1/2

[Event "GER-ch Net blitz qual4"]
[Site "Playchess.com INT"]
[Date "2020.03.23"]
[Round "9"]
[White "Becker, Marcel"]
[Black "Lerch, Martin Erik"]
[Result "1-0"]
[WhiteElo "2363"]
[BlackElo "1861"]
[PlyCount "85"]
[EventDate "2020.03.23"]
[EventType "swiss (blitz)"]
[EventRounds "9"]
[EventCountry "GER"]
[SourceTitle "CBM 195 Extra"]
[Source "ChessBase"]
[SourceDate "2020.05.31"]
[SourceVersion "1"]
[SourceVersionDate "2020.05.31"]
[SourceQuality "1"]

1. d4 e6 2. c4 f5 3. Nc3 Nf6 4. Nf3 Bb4 5. Qb3 Bxc3+ 6. Qxc3 d6 7. g3 0-0 8. Bg2 Qe8 9. 0-0 Nc6 10. b3 e5 11. dxe5 dxe5 12. Bb2 e4 13. Ne5 Nxe5 14. Qxe5 Qxe5 15. Bxe5 c6 16. f3 exf3 17. exf3 Kf7 18. Rad1 Be6 19. f4 Rfd8 20. Bc7 Rd7 21. Rxd7+ Nxd7 22. Rd1 Rc8 23. Bd6 Rd8 24. Bf3 Nf6 25. Bc7 Rxd1+ 26. Bxd1 Ke7 27. Bf3 Kd7 28. Be5 Ne8 29. Kf2 g6 30. Ke3 Nc7 31. Kd4 b6 32. Bxc7 Kxc7 33. Ke5 Bd7 34. Kf6 b5 35. cxb5 cxb5 36. Kg7 a5 37. Kxh7 Be8 38. Kg7 Kd6 39. Kf8 Bd7 40. Kf7 Be6+ 41. Kxg6 b4 42. h4 a4 43. Bd1 1-0

[Event "BEL-chT 1920"]
[Site "Belgium"]
[Date "2020.01.19"]
[Round "6.2"]
[White "Becker, Marcel"]
[Black "Leenhouts, Koen"]
[Result "1-0"]
[WhiteElo "2344"]
[BlackElo "2411"]
[PlyCount "105"]
[EventDate "2019.09.29"]
[EventType "team-tourn"]
[EventRounds "11"]
[EventCountry "BEL"]
[SourceTitle "CBM 195 Extra"]
[Source "ChessBase"]
[SourceDate "2020.05.31"]
[SourceVersion "1"]
[SourceVersionDate "2020.05.31"]
[SourceQuality "1"]
[WhiteTeam "KSK47 Eynatten"]
[BlackTeam "KBSK Brugge"]
[WhiteTeamCountry "BEL"]
[BlackTeamCountry "BEL"]

1. d4 Nf6 2. c4 g6 3. Nc3 d5 4. cxd5 Nxd5 5. e4 Nxc3 6. bxc3 Bg7 7. Be3 c5 8. Nf3 Qa5 9. Qd2 0-0 10. Rc1 Nd7 11. Bd3 e5 12. d5 f5 13. Bg5 Nf6 14. Bxf6 Bxf6 15. h4 f4 16. h5 g5 17. Be2 g4 18. Nh2 g3 19. fxg3 fxg3 20. Ng4 Bxg4 21. Bxg4 Qd8 22. Be6+ Kh8 23. 0-0 Re8 24. Qe3 Bg5 25. Qxg3 Bf4 26. Rxf4 exf4 27. Qxf4 Rf8 28. Qe5+ Qf6 29. Qxf6+ Rxf6 30. e5 Rf4 31. Bd7 Re4 32. e6 Rg8 33. Rc2 Re1+ 34. Kh2 Rg5 35. d6 Rxh5+ 36. Kg3 Rg5+ 37. Kh4 Rg8 38. e7 Rh1+ 39. Bh3 Re1 40. Rd2 Re4+ 41. g4 h5 42. d7 hxg4 43. d8Q gxh3+ 44. Kxh3 Re6 45. Rd6 Re3+ 46. Kh4 Re4+ 47. Kh5 Re5+ 48. Kh6 Re2 49. Rd5 Re6+ 50. Kh5 Re1 51. Rg5 Rh1+ 52. Kg4 Rg1+ 53. Kf4 1-0

[Event "BEL-chT 1920"]
[Site "Belgium"]
[Date "2019.11.17"]
[Round "4.5"]
[White "Becker, Marcel"]
[Black "Mastalerz, Xavier"]
[Result "1-0"]
[WhiteElo "2344"]
[BlackElo "2234"]
[PlyCount "97"]
[EventDate "2019.09.29"]
[EventType "team-tourn"]
[EventRounds "11"]
[EventCountry "BEL"]
[SourceTitle "CBM 195 Extra"]
[Source "ChessBase"]
[SourceDate "2020.05.31"]
[SourceVersion "1"]
[SourceVersionDate "2020.05.31"]
[SourceQuality "1"]
[WhiteTeam "KSK47 Eynatten"]
[BlackTeam "Fontaine"]
[WhiteTeamCountry "BEL"]
[BlackTeamCountry "BEL"]

1. d4 e6 2. c4 Nf6 3. Nc3 Bb4 4. Qc2 0-0 5. Nf3 Nc6 6. Bg5 h6 7. Bd2 d5 8. e3 Qe7 9. a3 Bxc3 10. Bxc3 Ne4 11. Bd3 Nxc3 12. Qxc3 Re8 13. Rc1 dxc4 14. Qxc4 e5 15. d5 Nd8 16. Be4 c6 17. dxc6 bxc6 18. 0-0 a5 19. Rfd1 Rb8 20. Rd2 Be6 21. Qc5 f6 22. Qxa5 Nf7 23. Qc5 Bd5 24. Qxe7 Rxe7 25. Bxd5 cxd5 26. h4 Rb5 27. Rc8+ Kh7 28. b4 Ra7 29. Rc5 Rxc5 30. bxc5 Rxa3 31. Rxd5 Rc3 32. h5 e4 33. Nd4 Ne5 34. Kh2 Nd3 35. Ne6 Nxf2 36. Kg3 Nd3 37. Rd7 Nxc5 38. Rxg7+ Kh8 39. Rc7 Na4 40. Kf4 Rxc7 41. Nxc7 Kg7 42. Ne8+ Kf7 43. Nd6+ Ke6 44. Nf5 Nc3 45. g4 Kd5 46. Nxh6 Ne2+ 47. Kf5 Ng3+ 48. Kxf6 Kc4 49. Nf5 1-0

[Event "GER-ch 37th"]
[Site "Magdeburg"]
[Date "2019.06.01"]
[Round "9"]
[White "Pfreundt, Jakob"]
[Black "Becker, Marcel"]
[Result "1/2-1/2"]
[WhiteElo "2392"]
[BlackElo "2308"]
[PlyCount "106"]
[EventDate "2019.05.26"]
[EventType "swiss"]
[EventRounds "9"]
[EventCountry "GER"]
[SourceTitle "CBM 190 Extra"]
[Source "ChessBase"]
[SourceDate "2019.07.15"]
[SourceVersion "1"]
[SourceVersionDate "2019.07.15"]
[SourceQuality "1"]

1. c4 c6 2. Nc3 d5 3. e3 e5 4. d4 exd4 5. exd4 Nf6 6. Nf3 Be7 7. Bd3 0-0 8. cxd5 cxd5 9. h3 Nc6 10. 0-0 h6 11. Bf4 Be6 12. Re1 Re8 13. Rc1 a6 14. Bb1 Nd7 15. Qd3 Nf8 16. Na4 Bd6 17. Ne5 Qf6 18. Bg3 Ne7 19. Ng4 Bxg4 20. Bxd6 Qxd6 21. hxg4 Nc6 22. Nc3 Rxe1+ 23. Rxe1 Rd8 24. Rd1 Qf4 25. Qf5 Qd6 26. a3 g6 27. Qf3 Ne6 28. Qe3 Qf4 29. Qxf4 Nxf4 30. Ba2 Kf8 31. g3 Ne6 32. Bxd5 Nexd4 33. Kg2 Re8 34. Rd2 Rd8 35. f4 Nb5 36. Ne4 Na5 37. b4 f5 38. gxf5 gxf5 39. Nc5 Nc4 40. Ne6+ Ke7 41. Nxd8 Nxd2 42. Nxb7 Nxa3 43. Nc5 Nc2 44. Bb7 Nxb4 45. Nxa6 Nxa6 46. Bxa6 Kf6 47. Kh3 Ne4 48. Bb7 Nf2+ 49. Kh4 Kg6 50. Bc6 Ng4 51. Bf3 Nf6 52. Bd1 Ne4 53. g4 fxg4 1/2-1/2

[Event "GER-ch 37th"]
[Site "Magdeburg"]
[Date "2019.05.31"]
[Round "8"]
[White "Becker, Marcel"]
[Black "Krastev, Alexander"]
[Result "1-0"]
[WhiteElo "2308"]
[BlackElo "2344"]
[PlyCount "61"]
[EventDate "2019.05.26"]
[EventType "swiss"]
[EventRounds "9"]
[EventCountry "GER"]
[SourceTitle "CBM 190 Extra"]
[Source "ChessBase"]
[SourceDate "2019.07.15"]
[SourceVersion "1"]
[SourceVersionDate "2019.07.15"]
[SourceQuality "1"]

1. d4 Nf6 2. c4 c5 3. d5 b5 4. Qc2 bxc4 5. e4 d6 6. Bxc4 g6 7. f4 Bg7 8. Nf3 0-0 9. 0-0 Ba6 10. Na3 Nfd7 11. Bd2 Nb6 12. Bxa6 Nxa6 13. Bc3 Nb4 14. Qe2 Qd7 15. Bxg7 Kxg7 16. Nc4 Qb5 17. b3 Rab8 18. a4 Qa6 19. a5 Nxc4 20. bxc4 Rbe8 21. Qb2+ Kg8 22. Qc3 e6 23. f5 exf5 24. exf5 Qc8 25. Ng5 Qd8 26. Nxh7 Kxh7 27. Qh3+ Kg7 28. f6+ Qxf6 29. Rxf6 Kxf6 30. Qd7 Rd8 31. Rf1+ 1-0

[Event "GER-ch 37th"]
[Site "Magdeburg"]
[Date "2019.05.30"]
[Round "7"]
[White "Krassowizkij, Jaroslaw"]
[Black "Becker, Marcel"]
[Result "1-0"]
[WhiteElo "2450"]
[BlackElo "2308"]
[PlyCount "87"]
[EventDate "2019.05.26"]
[EventType "swiss"]
[EventRounds "9"]
[EventCountry "GER"]
[SourceTitle "CBM 190 Extra"]
[Source "ChessBase"]
[SourceDate "2019.07.15"]
[SourceVersion "1"]
[SourceVersionDate "2019.07.15"]
[SourceQuality "1"]

1. e4 c6 2. d4 d5 3. Nd2 dxe4 4. Nxe4 Bf5 5. Ng3 Bg6 6. h4 h6 7. Nf3 e6 8. h5 Bh7 9. Bd3 Bxd3 10. Qxd3 Nf6 11. Bd2 c5 12. Ne4 Nxe4 13. Qxe4 Nc6 14. Bc3 c4 15. Ne5 Qd5 16. Qg4 b5 17. Nxc6 Qxc6 18. d5 Qxd5 19. Rd1 Qc6 20. 0-0 Rg8 21. a4 b4 22. Be5 Be7 23. Rd4 Rc8 24. Rfd1 g6 25. Rd7 Qxd7 26. Rxd7 Kxd7 27. Qd4+ Ke8 28. Qxa7 f6 29. Bc7 b3 30. cxb3 cxb3 31. Qb7 Kf7 32. Bd6 Rce8 33. a5 Kf8 34. hxg6 Rg7 35. Bxe7+ Rgxe7 36. Qxb3 Kg7 37. Qa4 Rb8 38. b4 Reb7 39. a6 Rxb4 40. a7 Rb1+ 41. Kh2 Kxg6 42. Qe4+ Kg7 43. axb8R Rxb8 44. Qxe6 1-0

[Event "NRW Class1 1819"]
[Site "Germany"]
[Date "2019.04.14"]
[Round "8.2"]
[White "Becker, Marcel"]
[Black "Suvorov, Luca"]
[Result "1-0"]
[WhiteElo "2268"]
[BlackElo "2179"]
[PlyCount "59"]
[EventDate "2018.09.16"]
[EventType "team-tourn"]
[EventRounds "9"]
[EventCountry "GER"]
[SourceTitle "EXT 2022"]
[Source "ChessBase"]
[SourceDate "2021.10.06"]
[SourceVersion "1"]
[SourceVersionDate "2021.10.06"]
[SourceQuality "1"]
[WhiteTeam "Oberhausen SV"]
[BlackTeam "Porz SG II"]
[WhiteTeamCountry "GER"]
[BlackTeamCountry "GER"]

1. d4 Nf6 2. c4 e6 3. Nc3 Bb4 4. e3 0-0 5. Bd3 c5 6. a3 Bxc3+ 7. bxc3 d6 8. e4 Nc6 9. Ne2 e5 10. d5 Ne7 11. 0-0 Ng6 12. Ng3 h6 13. Re1 Re8 14. h3 Qa5 15. Qc2 Nf4 16. Bf1 g6 17. Be3 h5 18. Ne2 Nxe2+ 19. Bxe2 Kg7 20. Bd3 Qd8 21. Bg5 Qc7 22. Qd2 Nh7 23. Bh6+ Kh8 24. Re2 Nf8 25. f4 Nd7 26. Rf1 exf4 27. Qxf4 f6 28. e5 dxe5 29. Bxg6 Rg8 30. Qf5 1-0